| 000 | 00388cam a22001337a 4500 | ||
|---|---|---|---|
| 008 | 180718b1948 xxu||||| |||| 00| 0 eng d | ||
| 082 | _aQx42 C674 | ||
| 100 | _aCole, G. D. H. | ||
| 245 |
_aBritish social services _cby G. D. H. Cole |
||
| 260 |
_aLondon _bLongmans, Green _c1948 |
||
| 300 | _a41p. | ||
| 650 | _aGreat Britain --Social conditions | ||
| 650 | _aPublic welfare --Great Britain | ||
| 999 |
_c431846 _d431846 |
||